000 00637nam a2200229Ia 4500
003 OSt
005 20220928125643.0
006 a|||||r|||| 00| 0
007 ta
008 220927b |||||||| |||| 00| 0 eng d
024 _a29427
037 _cTextual
040 _aSDCL
_cSDCL
_beng
041 _2eng
_aeng
082 _aQ22:221x, L2
100 _aSastri Asoke Chatterjee
_9470800
245 0 _aSvargakhanda of the Padma puranam.
260 _aVaranasi
_bAll India Kashiraj trust
_c1972
300 _axviii,393p.
_ccm.
942 _hQ22:221x, L2
_cTEXL
_2CC
999 _c783508
_d783508